Online
Catalog

Corto viaje, linda carroza / (Record no. 3835)

MARC details
000 -CABECERA
campo de control de longitud fija 00760nam a2200217 a 4500
001 - NÚMERO DE CONTROL
campo de control 000004016
005 - FECHA Y HORA DE LA ÚLTIMA TRANSACCIÓN
campo de control 20200929150651.0
008 - DATOS DE LONGITUD FIJA--INFORMACIÓN GENERAL
campo de control de longitud fija 720929s1970 mx b 000 0 spa
040 ## - FUENTE DE LA CATALOGACIÓN
Centro catalogador/agencia de origen DO-SdBNP
Lengua de catalogación spa
Centro/agencia transcriptor BNPHU
082 ## - NÚMERO DE LA CLASIFICACIÓN DECIMAL DEWEY
Número de clasificación 813.2
Número de documento/Ítem S246c
100 1# - ENTRADA PRINCIPAL--NOMBRE DE PERSONA
Nombre de persona Saroyan, William,
Fechas asociadas al nombre 1908-1981.
9 (RLIN) 12021
240 10 - TÍTULO UNIFORME
Título uniforme Short drive, sweet chariot.
Lenguaje de la obra Español
245 10 - MENCIÓN DE TÍTULO
Título Corto viaje, linda carroza /
Mención de responsabilidad, etc. William Saroyan; traductor, Nuria Parés.
260 ## - PUBLICACIÓN, DISTRIBUCIÓN, ETC.
Lugar de publicación, distribución, etc. México :
Nombre del editor, distribuidor, etc. Diana,
Fecha de publicación, distribución, etc. 1970.
300 ## - DESCRIPCIÓN FÍSICA
Extensión 155 p. :
Otras características físicas il., maps. ;
Dimensiones 22 cm.
534 ## - NOTA SOBRE LA VERSIÓN ORIGINAL
Frase introductoria Título original:
Mención de título del original Short drive, sweet chariot
650 #4 - PUNTO DE ACCESO ADICIONAL DE MATERIA--TÉRMINO DE MATERIA
Término de materia o nombre geográfico como elemento de entrada Novela estadounidense
9 (RLIN) 262
650 #4 - PUNTO DE ACCESO ADICIONAL DE MATERIA--TÉRMINO DE MATERIA
Término de materia o nombre geográfico como elemento de entrada Literatura estadounidense
9 (RLIN) 263
651 #4 - PUNTO DE ACCESO ADICIONAL DE MATERIA--NOMBRE GEOGRÁFICO
Nombre geográfico Estados Unidos
Subdivisión general Descripción Y Viaje
9 (RLIN) 12022
700 1# - PUNTO DE ACCESO ADICIONAL--NOMBRE DE PERSONA
Nombre de persona Parés, Nuria,
Término indicativo de función/relación tr.
9 (RLIN) 9909
Holdings
Estado de retiro Estado de pérdida Restricciones de uso No para préstamo Código de colección Localización permanente Ubicación/localización actual Ubicación en estantería Fecha de adquisición Número de inventario Total de préstamos Signatura topográfica completa Código de barras Fecha visto por última vez Precio válido a partir de Tipo de ítem Koha
      Excluido de préstamo Monografías: Libros y Folletos General General Depósito 15.07.2009 LF1   813.2 S246c 4016-10 25.06.2020 25.06.2020 No se presta
        Monografías: Libros y Folletos Patrimonio Dominicano Patrimonio Dominicano Orden iniciada 29.03.2017 LF1   813.2 S246c 4016-20 25.06.2020 25.06.2020 No se presta

Powered by Koha